000 00505ntaaa2200193 4500
003 01
005 20251027201652.0
008 0714s1973 ag 01
040 _aAR-BaBN
_bspa
_cAR-BaBN
_eaacr
_dRIC
082 _a232.9000 P38
100 _aPentecost, George F.
_915377
245 _aThe birth and boyhood of Jesus
250 _a1 ed.
260 _aLondon :
_bHodder and Stoughton,
_c1896
300 _a399 p
500 _aNacimiento y niñez de Jesús
650 _aJesucristo-vida
_91884
942 _cBK
999 _c11425
_d11425